00513nam a2200169Ia 4500003000900000008004100009020001800050040001600068080002300084245006800107260003700175300001300212490005100225650002700276650001800303700002200321IN-BaIIA211028s9999 xx 000 0 eng d a0-7923-6671-9 cIIA Library a52(082.1)bASS-256 0aOrganizations and strategies in astronomycedited by Andre Heck aDordrechtbKluwer Academicc2000 ax, 221p. aAstrophysics and space science library; v. 256 aProfessional astronomy aSpace science aHeck, Andre., ed.